Liste des personnages Disney - La petite Sirène 1 - Statistiques

Statistiques générales
  • Ce quiz a été pris 503 fois
  • Le résultat moyen est 11 sur 20
Statistiques - réponses
Réponses % Correct
Filles Ariel
100%
Polochon
96%
Sébastien
96%
Garçons Eric
93%
Ursula
90%
Vanessa (Ursula)
90%
Triton
85%
Eurêka
66%
Animaux Max
48%
Jetsam
45%
Flotsam
42%
Aquata
41%
Attina
35%
Alana
32%
Arista
31%
Adella
30%
Louis
29%
Andrina
26%
Grimsby
22%
Carlotta
20%
Aucun quiz correspondant
Distribution des résultats
% des personnes avec chaque résultat
Percentile par nombre de réponses
Votre historique - résultats
Vous n’avez pas pris ce quiz